LEADER 01597nam a2200361 u 4500 001 000000048569 003 CaOOAMICUS 005 20070226115019.0 008 000512s1998 it u000 u ita u 020 $a8804310693 035 $a10847506 040 $aPUL$bita 041 1 $aita$alat 100 0 $aAugustinus,$cs., vesc. d'Ippona,$d354-430.$0(OLS)http://pul/name/1290 240 10$aEnarrationes in Psalmos$9(Augustinus, s., vesc. d'Ippona, 354-430).$lItaliano e Latino.$1Gruppi, scelte.$0(OLS)http://pul/title/65415 245 10$aCommento ai Salmi /$cSant'Agostino ; a cura di Manlio Simonetti. 250 $a4. ed. 260 $a[Roma] :$bFondazione Lorenzo Valla ;$a[Milano] :$bA. Mondadori,$c1998. 300 $axl, 738 p. ;$c20 cm 490 1 $aScrittori greci e latini 500 $aComprende indici. 700 1 $aSimonetti, Manlio,$d1926-$0(OLS)http://pul/name/851 830 0$aScrittori greci e latini.$0(OLS)http://pul/title/10625 850 $aPUL 852 $aPUL$W1$xDP1 Cons. Gen., Altre Classi 1$y22$m705 M 68$j64689$nBK-PRI$b $qStampati$B64689$CPULBib$Z2$F64689 $H $81 900 $aAgostino,$cs., vesc. d'Ippona,$d354-430$91290 900 $aAgostino, Aurelio,$cs., vesc. d'Ippona$d354-430$91290 941 1 $a8 961 $aINV: 81696 996 $6020$a8804310693$9(OLS)http://pul/number/61114 996 $6245$aCommento ai Salmi$9(OLS)http://pul/title/65416 996 $6260$a[Roma] :$bFondazione Lorenzo Valla$9(OLS)http://pul/publisher/51886 996 $6260$a[Milano] :$bA. Mondadori$9(OLS)http://pul/publisher/51887 LEADER 01151nam a2200289 u 4500 001 000000048877 003 CaOOAMICUS 005 20070226115040.0 008 000602s2000 it u000 u ita u 020 $a8880898051 035 $a10849154 040 $aPUL$bita 100 1 $aNaso, Paolo.$0(OLS)http://pul/name/35443 245 13$aIl mosaico della fede :$ble religioni degli italiani /$cPaolo Naso. 260 $aMilano :$bBaldini & Castoldi,$cc2000. 300 $a261 p. ;$c21 cm 490 1 $aI saggi ;$v158 650 4$aReligioni$zItalia.$0(OLS)http://pul/subject/20604 650 4$aFede.$0(OLS)http://pul/subject/668 830 2$aI Saggi (Baldini & Castoldi) ;$v158.$0(OLS)http://pul/title/65883 850 $aPUL 852 $aPUL$W1$xSL Religione 1$y3$m58 H 75$j65034$nBK-PRI$b $qStampati$B65034$CPULBib$Z2$F65034 $H $81 941 1 $a8 961 $aINV: 81877 996 $6020$a8880898051$9(OLS)http://pul/number/61632 996 $6245$aIl mosaico della fede :$ble religioni degli italiani$9(OLS)http://pul/title/65882 996 $6260$aMilano :$bBaldini & Castoldi$9(OLS)http://pul/publisher/66915